Normal view
MARC view
Entry Nombre corporativo
001 - NÚMERO DE CONTROL
- campo de control: 16251
003 - IDENTIFICADOR DE NÚMERO DE CONTROL
- campo de control: OSt
005 - FECHA Y HORA DE LA ÚLTIMA TRANSACCIÓN
- campo de control: 20221005155742.0
008 - ELEMENTOS DE DATO DE LONGITUD-FIJA
- campo de control de longitud fija: 221005|| aca||aabn | a|a d
040 ## - FUENTE DE CATALOGACIÓN
- Centro catalogador/agencia de origen: OSt
- Centro/agencia transcriptor: OSt
110 ## - ENCABEZAMIENTO-NOMBRE DE ENTIDAD CORPORATIVA
- Nombre de entidad corporativa o nombre de jurisdicción como elemento de entrada: JORNADAS DE COOPERACION EDUCATIVA SOBRE GÉNERO Y EDUCACIÓN
- Número del congreso/reunión o número de parte o sección: 1º
- Sede del congreso/Lugar de la reunión: Antigua (Guatemala)
670 ## - FUENTE DE DATOS ENCONTRADOS
- Cita de la fuente: Work cat.: (OSt)16241: JORNADAS DE COOPERACION EDUCATIVA SOBRE GÉNERO Y EDUCACIÓN 1º Antigua (Guatemala), Educación de mujeres y niñas en Iberoamérica :, D.L. 2007